MARC

Tag First Indicator Second Indicator Subfields
LEADER 00000cam a2200000La 4500
001 in00001744607
005 20220105110045.0
006 m u
007 cr cn---------
008 001121s1998 lau sb s001 0 eng d
020 |a 0585314470 (electronic bk.) 
035 |a (OCoLC)ocm45732718 
040 |a N$T  |c N$T  |d OCL  |d OCLCQ  |d UtOrBLW 
043 |a n-usu-- 
049 |a IICA 
050 1 4 |a PS261  |b .B46 1998eb 
082 0 4 |a 813/.54099287  |2 21 
100 1 |a Bennett, Barbara,  |d 1959-  |0 http://id.loc.gov/authorities/names/n98044090 
245 1 0 |a Comic visions, female voices :  |b contemporary women novelists and Southern humor /  |c Barbara Bennett. 
264 1 |a Baton Rouge, La. :  |b Louisiana State University Press,  |c [1998] 
264 4 |c ©1998 
300 |a xiii, 135 pages ;  |c 23 cm. 
336 |a text  |b txt  |2 rdacontent 
337 |a computer  |b c  |2 rdamedia 
338 |a online resource  |b cr  |2 rdacarrier 
490 1 |a Southern literary studies 
504 |a Includes bibliographical references (pages 127-131) and index. 
533 |a Electronic reproduction.  |b Boulder, Colo. :  |c NetLibrary,  |d 2000.  |n Available via World Wide Web.  |n Access may be limited to NetLibrary affiliated libraries. 
500 |a Electronic resource. 
650 0 |a Humorous stories, American  |z Southern States  |x History and criticism. 
650 0 |a American wit and humor  |z Southern States  |x History and criticism. 
650 0 |a American wit and humor  |x Women authors  |x History and criticism. 
650 0 |a Women and literature  |z Southern States  |x History  |y 20th century.  |0 http://id.loc.gov/authorities/subjects/sh2008113606 
650 0 |a American fiction  |x Women authors  |x History and criticism.  |0 http://id.loc.gov/authorities/subjects/sh2007100757 
650 0 |a American fiction  |y 20th century  |x History and criticism.  |0 http://id.loc.gov/authorities/subjects/sh2007100687 
651 0 |a Southern States  |x In literature.  |0 http://id.loc.gov/authorities/subjects/sh2008111638 
650 0 |a Comic, The, in literature.  |0 http://id.loc.gov/authorities/subjects/sh97005892 
655 7 |a Electronic books.  |2 local 
710 2 |a NetLibrary, Inc.  |0 http://id.loc.gov/authorities/names/no99080690 
776 1 |c Original  |z 0807122882  |w (DLC) 98020584  |w (OCoLC)39122924 
830 0 |a Southern literary studies.  |0 http://id.loc.gov/authorities/names/n42022954 
856 4 1 |u https://proxy.library.tamu.edu/login?url=http://www.netLibrary.com/urlapi.asp?action=summary&v=1&bookid=45662  |z Connect to the full text of this electronic book  |t 0 
994 |a X0  |b IIC 
999 |a MARS 
999 f f |s d1f1837b-83f4-35ff-8a52-1664ef52e48f  |i 5c82ae74-c003-3c8e-8273-592740ecc072  |t 0 
952 f f |a Texas A&M University  |b College Station  |c Electronic Resources  |d Available Online  |t 0  |e PS261 .B46 1998eb  |h Library of Congress classification 
998 f f |a PS261 .B46 1998eb  |t 0  |l Available Online